|
|
|
|
| LEADER |
00728nab a2200205 i 4500 |
| 001 |
publ33191 |
| 005 |
20250522100015.0 |
| 008 |
250522s1984 hu o 000 ger d |
| 022 |
|
|
|a 0031-711X
|
| 024 |
7 |
|
|a 1864781
|2 mtmt
|
| 040 |
|
|
|a SZTE Publicatio Repozitórium
|b hun
|
| 041 |
|
|
|a ger
|
| 100 |
1 |
|
|a Hódi Klára
|
| 245 |
1 |
0 |
|a Untersuchungen über die Pressbarkeit von Kaliumchlorid
|h [elektronikus dokumentum] :
|b 1. Mitt.: Direktpressung ohne Hilfsstoffe /
|c Hódi Klára
|
| 260 |
|
|
|c 1984
|
| 300 |
|
|
|a 767-769
|
| 490 |
0 |
|
|a PHARMAZEUTISCHE INDUSTRIE
|v 46 No. 7
|
| 650 |
|
4 |
|a Általános orvostudomány
|
| 700 |
0 |
2 |
|a Sohajda-Szűcs E.
|e aut
|
| 856 |
4 |
0 |
|u http://publicatio.bibl.u-szeged.hu/33191/1/aok_klny_897_84.pdf
|z Dokumentum-elérés
|